| 000 | 00598nam a2200205Ia 4500 | ||
|---|---|---|---|
| 005 | 20250923145038.0 | ||
| 008 | 008 250917s9999 xx 000 0 eng d | ||
| 037 | _aTextual | ||
| 040 |
_aDSWL _beng _cDSWL |
||
| 041 |
_aeng _2eng |
||
| 084 |
_aN61, K5 _qDSWL |
||
| 100 |
_aReddy, V.Narayan Karan _9831226 |
||
| 245 | 0 |
_aSarvodya ideology & acharya vinoba bhave _cby V.Narayan Karan Reddy |
|
| 260 |
_aHyderabad _bAndhra Prade Sarvodya Mandal _c1963 |
||
| 300 | _a40570 p. | ||
| 365 |
_aINR _b4 |
||
| 925 | _g4 | ||
| 942 |
_cTEXL _hN61, K5 |
||
| 999 |
_c1446416 _d1446416 |
||